A Lady At the Little Gate: (Record no. 186439)

MARC details
000 -LEADER
fixed length control field 00709nam a22001937a 4500
005 - DATE AND TIME OF LATEST TRANSACTION
control field 20220302113036.0
010 ## - LCCN (DPL NO)
LC control number ENG-131834
020 ## - INTERNATIONAL STANDARD BOOK NUMBER
International Standard Book Number 9789389080254
Terms of availability 130.00
035 ## - SYSTEM CONTROL NUMBER
System control number EN-115366
037 ## - SOURCE OF ACQUISITION
Source of stock number/acquisition DBAD/PUB
082 ## - DEWEY DECIMAL CLASSIFICATION NUMBER
Classification number 881
100 ## - MAIN ENTRY--PERSONAL NAME
Personal name Virumbi's, Muththamizh
245 ## - TITLE STATEMENT
Title A Lady At the Little Gate:
Remainder of title Collection of poems from the only living Classical Language, Tamil/
Statement of responsibility, etc Muththamizh Virumbi's and Translated by C. Rajeswari
260 ## - PUBLICATION, DISTRIBUTION, ETC. (IMPRINT)
Place of publication, distribution, etc Chennai
Name of publisher, distributor, etc Olivannan Gopalakrishnan
Date of publication, distribution, etc 2019
270 ## - ADDRESS
Address 15 A, First Floor, Casa Major Road, Egmore
City Chennai
Postal code 600008
Electronic mail address info@emeraldpublishers.com
300 ## - PHYSICAL DESCRIPTION
Extent xxxi, 79p.
Dimensions 18cm(pbk)
700 ## - ADDED ENTRY--PERSONAL NAME
Personal name Rajeswari, C
942 ## - ADDED ENTRY ELEMENTS (KOHA)
Source of classification or shelving scheme Dewey Decimal Classification
Item type English Books
Classification part 881
Call number suffix VIR
Holdings
Withdrawn status Lost status Not for loan Collection code Home library Current library Date acquired Source of acquisition Cost, normal purchase price Full call number Barcode Copy number Cost, replacement price Koha item type
      Non-fiction Sarojini Nagar Sarojini Nagar 02/03/2022 DBAD/PUB 130.00 881 VIR EN-115366 1 130.00 English Books

© Delhi Public Library
Hit Counter
free hit counter